Statistics for Portuguese Languages Vocabulary

Click here to take the quiz!

General Stats

  • This quiz has been taken 78 times
  • The average score is 17 of 32

Answer Stats

HintAnswer% Correct
Englishinglês
96%
Portugueseportuguês
90%
Chinesechinês
87%
Frenchfrancês
84%
Italianitaliano
79%
Spanishespanhol
76%
Filipinofilipino
76%
Japanesejaponês
73%
Germanalemão
72%
Russianrusso
70%
Koreancoreano
66%
Hindihindi
66%
Greekgrego
61%
Turkishturco
61%
Latinlatim
57%
Swedishsueco
55%
Dutchholandês
52%
Arabicarábico
51%
Thaitailandês
48%
Norwegiannorueguês
45%
Polishpolonês
45%
Indonesianindonésio
39%
Hawaiianhavaiano
37%
Romanianromeno
36%
Vietnamesevietnamita
36%
Gaelicgaélico
28%
Hebrewhebraico
28%
Creolecrioulo
25%
Afrikaansafrikaans
22%
Swahilisuaíli
21%
Sign Languagelinguagem de sinais
9%
Yiddishídiche
7%

Score Distribution

Percentile by Number Answered

Percent of People with Each Score

Your Score History

You have not taken this quiz